000 00427nam a22001337a 4500
005 20161207115851.0
008 161205b xxu||||| |||| 00| 0 eng d
040 _cPK-LaUMT
082 _aMMC 909.83
_bINQ-
245 _aInqlab ka mustaqbil : انقلابات کا مستقبل /
_cایڈیٹر جان فوران مترجم ظفر علی خان
260 _aلاھور:
_bتخلیقات
_c2010
300 _a232 p.
942 _cBK
999 _c89064
_d89064